000 00273nam a22001097a 4500
008 170126b xxu||||| |||| 00| 0 eng d
020 _a0070607273
041 _aeng
080 _26TH
_a61
245 _aTHE METABOLIC BASIS OF INHERITED DISEASE
_cSCRIVER, CH.R
942 _2udc
_cBK
999 _c3782
_d3782